Management stakeholderů jako strategický úkol

Pojem stakeholder. Vytváranie vzťahov so stakeholdermi (stakeholder view). Manažment stakeholderov a jeho zameranie.

Salvato in:
Dettagli Bibliografici
Natura: Capitolo di libro
Lingua:ceco
Soggetti:
Tags: Aggiungi Tag
Nessun Tag, puoi essere il primo ad aggiungerne!!

MARC

LEADER 00000naa a2200000 4500
001 r048533
005 20231002104353.1
041 0 |a cze 
044 |a CZ 
245 1 0 |a Management stakeholderů jako strategický úkol 
520 |a Pojem stakeholder. Vytváranie vzťahov so stakeholdermi (stakeholder view). Manažment stakeholderov a jeho zameranie. 
610 2 0 |a akcionári 
610 2 0 |a hodnota 
610 2 0 |a podnikanie 
610 2 0 |a manažment 
610 2 0 |a stakeholder